000 00434cam a22001337a 4500
008 180718b1975 xxu||||| |||| 00| 0 eng d
082 _aF5x43 St28
100 _aStarrels, John M.
245 _aPolitics in the German Democratic Republic
_cby John M. Starrels and Anita M. Mallinckrodt
260 _aNew York
_bPraeger
_c1975
300 _a397p.
650 _aGermany (East) --Politics and government
700 _aMallinckrodt, Anita M.
999 _c354898
_d354898